Hormigón armado

Bibliographic Details
Main Author: Jimenez Montoya
Format: Section = Libro
Language:Undetermined
Spanish
Published: Barcelona Gustavo Gili 1973
Edition:7a.ed.
Subjects:
LEADER 00572nam a2200193Ia 4500
008 240829s9999 xx 000 0 und d
020 |a 84-252-0760-6 
040 |a BIBLIOTECA-RUPAP 693.54 J61 
041 |a spa 
082 |a 693.54 J61 
100 1 |a Jimenez Montoya  
245 1 0 |a Hormigón armado 
250 |a 7a.ed. 
260 |a Barcelona  |b Gustavo Gili  |c 1973 
300 |a p. irreg. :il. 
650 7 |a HORMIGON. I. Meseguer A. García, coaut. II. Cabre F. I. Meseguer, A. García, coaut. II. Cabre, F., coaut. III. Tít. 
942 |c BK  |2 ddc 
991 |a TEXTO 
999 |c 9104